| 000 | 01042nam a2200301 a 4500 | ||
|---|---|---|---|
| 001 | |||
| 003 | DO-SdBNP | ||
| 005 | 20211109072343.0 | ||
| 008 | 090716s1999 dr r 001 0 spa d | ||
| 040 |
_aDO-SdBNP _bspa _cBPMSU |
||
| 082 | 4 |
_aRD868.4408 _bB742C, 1999 _222 |
|
| 100 | 1 |
_aCastellanos, Justo Pedro, _d1961- |
|
| 245 | 1 | 0 |
_aAntología del pensamiento de Juan Bosch / _cJusto Pedro Castellano; prólogo Pedro Vergés. |
| 250 | _a2a. ed. | ||
| 260 |
_aSanto Domingo : _bBanco Central de la República Dominicana, _c1999 |
||
| 300 |
_axxxvi,282 p. ; _c23 cm. _b |
||
| 500 | _aIncluye datos biográficos del autor en la solapa de la contracubierta | ||
| 500 | _aIncluye referencias bibliográficas y notas al pie de las páginas | ||
| 504 | _aBibliografía : p. 279-282 | ||
| 590 | _aInventariado, 2021/VM | ||
| 600 | 1 | 0 |
_a Bosch, Juan, _d1909-2001 _91 |
| 650 | 4 | _aPensamiento crítico | |
| 650 | 4 | _aEnsayos dominicanos | |
| 700 | 1 |
_aVergés, Pedro, _epról. |
|
| 910 | _aVMateo V. | ||
| 942 |
_2ddc _cBK |
||
| 956 | _aVMateo | ||
| 999 |
_c13856 _d13856 |
||